[Event "La Pobla de Lillet op"]
[Site "La Pobla de Lillet ESP"]
[Date "2013.08.02"]
[Round "1.1"]
[White "Cerdans Costa, F.."]
[Black "Movsziszian, K.."]
[Result "0-1"]
[WhiteElo "1866"]
[BlackElo "2502"]
[PlyCount "64"]
[EventDate "2013.08.02"]
[EventType "swiss"]
[EventRounds "9"]
[EventCountry "ESP"]
[SourceTitle "Ajedrez en Madrid"]
[Source "lmi"]
[SourceDate "2020.06.24"]
[SourceVersion "1"]
[SourceVersionDate "2020.06.25"]
[SourceQuality "1"]

1. d4 g6 2. c4 Bg7 3. Nc3 d6 4. e4 Nf6 5. Nf3 O-O 6. Bd3 c5 7. d5 e6 8. O-O
exd5 9. cxd5 Bg4 10. h3 Bxf3 11. Qxf3 a6 12. Bf4 Re8 13. a4 Qe7 14. Bc2 Nbd7
15. a5 Ne5 16. Qe2 Rac8 17. Rad1 Qd8 18. Bxe5 Rxe5 19. Ra1 Re7 20. Qc4 h5 21.
f4 h4 22. Qd3 Nh5 23. Ra2 c4 24. Qf3 b5 25. Ne2 b4 26. b3 Rb7 27. f5 cxb3 28.
Bxb3 Be5 29. fxg6 fxg6 30. Qg4 Kg7 31. Rf5 Nf6 32. Rg5 Nxg4 0-1

[Event "La Pobla de Lillet op"]
[Site "La Pobla de Lillet ESP"]
[Date "2013.08.02"]
[Round "1.2"]
[White "Kovacevic, S.."]
[Black "Tardio Fran, E.."]
[Result "1-0"]
[WhiteElo "2337"]
[BlackElo "1851"]
[PlyCount "89"]
[EventDate "2013.08.02"]
[EventType "swiss"]
[EventRounds "9"]
[EventCountry "ESP"]
[SourceTitle "Ajedrez en Madrid"]
[Source "lmi"]
[SourceDate "2020.06.24"]
[SourceVersion "1"]
[SourceVersionDate "2020.06.25"]
[SourceQuality "1"]

1. d4 b5 2. Bf4 Bb7 3. e3 a6 4. Nf3 Nf6 5. c3 e6 6. a4 b4 7. a5 Nh5 8. Bg5 f6
9. Bh4 g5 10. Nxg5 Ng7 11. Nh3 h5 12. f3 Nf5 13. Bf2 bxc3 14. bxc3 c5 15. e4
Ng7 16. Qb3 Bc8 17. d5 e5 18. Bh4 d6 19. Nf2 Nd7 20. Nd2 Rb8 21. Qc2 Be7 22.
Nc4 Nf8 23. Nd3 Ng6 24. Bf2 f5 25. Nb6 fxe4 26. fxe4 O-O 27. Be2 Bg4 28. Bxg4
hxg4 29. Qe2 Nf4 30. Nxf4 Rxf4 31. Bg3 Bg5 32. Bxf4 exf4 33. Qxg4 Bh4+ 34. g3
fxg3 35. hxg3 Qf6 36. Rc1 Rf8 37. Rc2 Bg5 38. Nd7 Bd2+ 39. Rxd2 Qxc3 40. Nxf8
Qc1+ 41. Qd1 Qc4 42. Ne6 Qxe4+ 43. Kf2 Nf5 44. Qf3 Nxg3 45. Qxg3+ 1-0

[Event "La Pobla de Lillet op"]
[Site "La Pobla de Lillet ESP"]
[Date "2013.08.02"]
[Round "1.3"]
[White "Povill Batlle, R.."]
[Black "Mestre Bellido, H.."]
[Result "0-1"]
[WhiteElo "1837"]
[BlackElo "2312"]
[PlyCount "50"]
[EventDate "2013.08.02"]
[EventType "swiss"]
[EventRounds "9"]
[EventCountry "ESP"]
[SourceTitle "Ajedrez en Madrid"]
[Source "lmi"]
[SourceDate "2020.06.24"]
[SourceVersion "1"]
[SourceVersionDate "2020.06.25"]
[SourceQuality "1"]

1. e4 e5 2. Nf3 d6 3. d4 Nd7 4. Bc4 c6 5. Ng5 Nh6 6. a4 exd4 7. O-O Ne5 8. Bb3
c5 9. c3 Nc6 10. Bd5 f6 11. f4 fxg5 12. fxg5 Ng4 13. Bf7+ Ke7 14. cxd4 cxd4 15.
g6 Nf6 16. Bf4 hxg6 17. Bxg6 Be6 18. b4 Rc8 19. Nd2 Ne5 20. Bxe5 dxe5 21. Nf3
Qd6 22. Ng5 Rc3 23. Nxe6 Qxe6 24. Bf5 Qc4 25. Bh3 Qd3 0-1

[Event "La Pobla de Lillet op"]
[Site "La Pobla de Lillet ESP"]
[Date "2013.08.02"]
[Round "1.4"]
[White "Gomez Jurado, LA.."]
[Black "Povill Claros, X.."]
[Result "1-0"]
[WhiteElo "2297"]
[BlackElo "1803"]
[PlyCount "69"]
[EventDate "2013.08.02"]
[EventType "swiss"]
[EventRounds "9"]
[EventCountry "ESP"]
[SourceTitle "Ajedrez en Madrid"]
[Source "lmi"]
[SourceDate "2020.06.24"]
[SourceVersion "1"]
[SourceVersionDate "2020.06.25"]
[SourceQuality "1"]

1. c4 e6 2. g3 Nf6 3. Bg2 c5 4. Nf3 Nc6 5. O-O Qc7 6. b3 b6 7. Bb2 Be7 8. Nc3
a6 9. d4 cxd4 10. Nxd4 Bb7 11. Rc1 Nxd4 12. Qxd4 Bxg2 13. Kxg2 O-O 14. Kg1 Bc5
15. Qh4 Be7 16. Rfd1 Qb7 17. Rd4 Rfd8 18. Rcd1 Rab8 19. g4 d5 20. g5 e5 21.
Nxd5 exd4 22. gxf6 Rxd5 23. cxd5 Bxf6 24. Qg3 Rd8 25. e4 Qb8 26. Qxb8 Rxb8 27.
Bxd4 Bxd4 28. Rxd4 Kf8 29. Rc4 Ke8 30. Rc7 Kf8 31. f3 g5 32. Kf2 Kg7 33. Ke3
Kg6 34. Kd4 f6 35. d6 1-0

[Event "La Pobla de Lillet op"]
[Site "La Pobla de Lillet ESP"]
[Date "2013.08.02"]
[Round "1.5"]
[White "Picatoste Garcia, J.."]
[Black "Maes, W.."]
[Result "0-1"]
[WhiteElo "1792"]
[BlackElo "2264"]
[PlyCount "82"]
[EventDate "2013.08.02"]
[EventType "swiss"]
[EventRounds "9"]
[EventCountry "ESP"]
[SourceTitle "Ajedrez en Madrid"]
[Source "lmi"]
[SourceDate "2020.06.24"]
[SourceVersion "1"]
[SourceVersionDate "2020.06.25"]
[SourceQuality "1"]

1. c4 g6 2. Nc3 Bg7 3. g3 c5 4. Bg2 Nc6 5. Nf3 e5 6. d3 Nge7 7. a3 d6 8. Rb1 a5
9. Bd2 O-O 10. O-O h6 11. Nd5 Nxd5 12. cxd5 Ne7 13. e4 f5 14. Bc3 f4 15. Nd2 b5
16. b3 g5 17. Bb2 Ng6 18. Qh5 Qf6 19. Qd1 g4 20. f3 h5 21. Rc1 Bh6 22. Rc2 Bd7
23. Nb1 Bg5 24. Bc1 Qg7 25. Rcf2 Qh6 26. Nc3 fxg3 27. hxg3 h4 28. Bxg5 Qxg5 29.
f4 exf4 30. gxf4 Qh6 31. f5 Ne5 32. Qd2 Kh7 33. Qxh6+ Kxh6 34. Rd2 b4 35. axb4
axb4 36. Ne2 h3 37. Bh1 Bb5 38. Nf4 Ra3 39. Rb1 Rfa8 40. Rbb2 Kg5 41. Ne6+ Kh4
0-1

[Event "La Pobla de Lillet op"]
[Site "La Pobla de Lillet ESP"]
[Date "2013.08.02"]
[Round "1.6"]
[White "Tarrago Antoni, M.."]
[Black "Escofet Llongueras, J.."]
[Result "1-0"]
[WhiteElo "2251"]
[BlackElo "1786"]
[PlyCount "53"]
[EventDate "2013.08.02"]
[EventType "swiss"]
[EventRounds "9"]
[EventCountry "ESP"]
[SourceTitle "Ajedrez en Madrid"]
[Source "lmi"]
[SourceDate "2020.06.24"]
[SourceVersion "1"]
[SourceVersionDate "2020.06.25"]
[SourceQuality "1"]

1. Nf3 Nf6 2. c4 g6 3. b4 Bg7 4. Bb2 O-O 5. g3 d6 6. Bg2 c5 7. bxc5 dxc5 8. O-O
Nc6 9. Nc3 Rb8 10. Na4 Nd7 11. Bxg7 Kxg7 12. d4 cxd4 13. Nxd4 Nde5 14. e3 Nxd4
15. exd4 Nxc4 16. d5 Nb6 17. Qd4+ f6 18. Nc5 e5 19. Qd2 Nc4 20. Qb4 Nd6 21.
Rac1 Rf7 22. Rfd1 Re7 23. Ne6+ Bxe6 24. dxe6 Rxe6 25. Bd5 Kf7 26. Qb3 Qd7 27.
Bxe6+ 1-0

[Event "La Pobla de Lillet op"]
[Site "La Pobla de Lillet ESP"]
[Date "2013.08.02"]
[Round "1.7"]
[White "Gultresa Boada, I.."]
[Black "Capellades Subirana, M.."]
[Result "0-1"]
[WhiteElo "1777"]
[BlackElo "2250"]
[PlyCount "44"]
[EventDate "2013.08.02"]
[EventType "swiss"]
[EventRounds "9"]
[EventCountry "ESP"]
[SourceTitle "Ajedrez en Madrid"]
[Source "lmi"]
[SourceDate "2020.06.24"]
[SourceVersion "1"]
[SourceVersionDate "2020.06.25"]
[SourceQuality "1"]

1. e4 e5 2. Nf3 Nc6 3. Bc4 Bc5 4. O-O d6 5. Nc3 Nf6 6. h3 Be6 7. Bxe6 fxe6 8.
d3 O-O 9. Na4 Bb6 10. Nxb6 cxb6 11. Bg5 Qe8 12. Qe2 Nh5 13. Rfd1 Qg6 14. Be3
Nf4 15. Bxf4 Rxf4 16. Kh2 Raf8 17. c3 Qh5 18. Rg1 g5 19. Nd4 g4 20. f3 exd4 21.
fxg4 Qe5 22. cxd4 Nxd4 0-1

[Event "La Pobla de Lillet op"]
[Site "La Pobla de Lillet ESP"]
[Date "2013.08.02"]
[Round "1.8"]
[White "Herreros Fernandez, M.."]
[Black "Cardo Llagostera, FJ.."]
[Result "1-0"]
[WhiteElo "2242"]
[BlackElo "1772"]
[PlyCount "53"]
[EventDate "2013.08.02"]
[EventType "swiss"]
[EventRounds "9"]
[EventCountry "ESP"]
[SourceTitle "Ajedrez en Madrid"]
[Source "lmi"]
[SourceDate "2020.06.24"]
[SourceVersion "1"]
[SourceVersionDate "2020.06.25"]
[SourceQuality "1"]

1. d4 d5 2. Nf3 Nf6 3. c4 e6 4. Nc3 Be7 5. Bg5 O-O 6. e3 h6 7. Bh4 b6 8. Qc2
Bb7 9. Rd1 Nbd7 10. cxd5 Nxd5 11. Bg3 Nxc3 12. bxc3 Bd6 13. e4 Bxg3 14. hxg3
Qe7 15. e5 c5 16. Bd3 cxd4 17. cxd4 Qb4+ 18. Kf1 Rac8 19. Qe2 Rfd8 20. g4 Qe7
21. Rh5 f6 22. exf6 Nxf6 23. Re5 Bd5 24. g5 Ng4 25. Rxd5 Rxd5 26. Qe4 Rf5 27.
Qxg4 1-0

[Event "La Pobla de Lillet op"]
[Site "La Pobla de Lillet ESP"]
[Date "2013.08.02"]
[Round "1.9"]
[White "Muñoz Vila, X.."]
[Black "Simon Padros, E.."]
[Result "0-1"]
[WhiteElo "1719"]
[BlackElo "2221"]
[PlyCount "92"]
[EventDate "2013.08.02"]
[EventType "swiss"]
[EventRounds "9"]
[EventCountry "ESP"]
[SourceTitle "Ajedrez en Madrid"]
[Source "lmi"]
[SourceDate "2020.06.24"]
[SourceVersion "1"]
[SourceVersionDate "2020.06.25"]
[SourceQuality "1"]

1. d4 e6 2. c4 f5 3. Nf3 Nf6 4. Nc3 Bb4 5. a3 Bxc3+ 6. bxc3 d6 7. Bf4 O-O 8. g3
b6 9. Bg2 Bb7 10. O-O Qe7 11. Nd2 Bxg2 12. Kxg2 e5 13. Bg5 c5 14. d5 Nbd7 15.
e4 h6 16. Bxf6 Qxf6 17. Qf3 Qg6 18. Qd3 f4 19. h3 Nf6 20. Rae1 Qf7 21. g4 g5
22. f3 h5 23. Rh1 Kg7 24. a4 hxg4 25. hxg4 Qd7 26. Qc2 Rh8 27. Qd1 a6 28. Rxh8
Rxh8 29. Rh1 Rb8 30. Kh3 b5 31. cxb5 axb5 32. axb5 Qxb5 33. c4 Qb2 34. Kg2 Qd4
35. Rf1 Rb2 36. Rf2 Kg6 37. Qc1 Ra2 38. Re2 Ra1 39. Nb1 Qd3 40. Rb2 Ra4 41. Rc2
Nd7 42. Qd2 Qd4 43. Qxd4 exd4 44. Kf2 Ne5 45. Nd2 Kf6 46. Kg2 d3 0-1

[Event "La Pobla de Lillet op"]
[Site "La Pobla de Lillet ESP"]
[Date "2013.08.02"]
[Round "1.20"]
[White "Travesset Barba, J.."]
[Black "Sole Pijuan, F.."]
[Result "1-0"]
[WhiteElo "2074"]
[BlackElo "1962"]
[PlyCount "97"]
[EventDate "2013.08.02"]
[EventType "swiss"]
[EventRounds "9"]
[EventCountry "ESP"]
[SourceTitle "Ajedrez en Madrid"]
[Source "lmi"]
[SourceDate "2020.06.24"]
[SourceVersion "1"]
[SourceVersionDate "2020.06.25"]
[SourceQuality "1"]

1. d4 d5 2. Nf3 e6 3. e3 c6 4. c4 Nf6 5. Nc3 Nbd7 6. Bd3 dxc4 7. Bxc4 b5 8. Bd3
a6 9. O-O c5 10. Qe2 c4 11. Bc2 Be7 12. e4 Bb7 13. e5 Nd5 14. Ne4 O-O 15. Neg5
Bxg5 16. Nxg5 h6 17. Qe4 N7f6 18. exf6 Nxf6 19. Qxb7 hxg5 20. Bxg5 Qxd4 21.
Bxf6 Qxf6 22. b3 c3 23. Rad1 Rfd8 24. g3 Rxd1 25. Rxd1 Rf8 26. Qe4 g6 27. a4
bxa4 28. Qxa4 Rd8 29. Rxd8+ Qxd8 30. Qxa6 Qd2 31. Qd3 Qe1+ 32. Kg2 Qa1 33. h4
Qa8+ 34. Kf1 Qc6 35. b4 e5 36. b5 Qc5 37. f3 f5 38. Qd8+ Kg7 39. Qd7+ Kf8 40.
Qd8+ Kg7 41. Qd7+ Kh8 42. Qd3 e4 43. Qd8+ Kg7 44. Qd7+ Kh8 45. fxe4 fxe4 46.
Qe8+ Kg7 47. Qxe4 Kh8 48. Qe8+ Kh7 49. Qxg6+ 1-0

[Event "La Pobla de Lillet op"]
[Site "La Pobla de Lillet ESP"]
[Date "2013.08.02"]
[Round "1.30"]
[White "Garcia Galeote, L.."]
[Black "Harutian, AW.."]
[Result "1-0"]
[WhiteElo "2009"]
[BlackElo "1507"]
[PlyCount "53"]
[EventDate "2013.08.02"]
[EventType "swiss"]
[EventRounds "9"]
[EventCountry "ESP"]
[SourceTitle "Ajedrez en Madrid"]
[Source "lmi"]
[SourceDate "2020.06.24"]
[SourceVersion "1"]
[SourceVersionDate "2020.06.25"]
[SourceQuality "1"]

1. b3 e5 2. Bb2 Nc6 3. e3 Nf6 4. c4 Bb4 5. a3 Be7 6. d3 O-O 7. Nf3 d6 8. Nc3
Bg4 9. Be2 Qd7 10. h3 Bh5 11. O-O Rad8 12. Qc2 d5 13. cxd5 Nxd5 14. Nxe5 Nxe5
15. Bxh5 Bf6 16. d4 Nxc3 17. Bxc3 Qc6 18. dxe5 Bxe5 19. Rac1 Bxc3 20. Qxc3 Qd5
21. Bf3 Qb5 22. Rfd1 c6 23. Rxd8 Rxd8 24. Rd1 Re8 25. Rd7 h6 26. Qc4 Qxc4 27.
bxc4 1-0

[Event "La Pobla de Lillet op"]
[Site "La Pobla de Lillet ESP"]
[Date "2013.08.03"]
[Round "2.1"]
[White "Movsziszian, K.."]
[Black "Prats Rodriguez, JB.."]
[Result "1/2-1/2"]
[WhiteElo "2502"]
[BlackElo "2031"]
[PlyCount "126"]
[EventDate "2013.08.02"]
[EventType "swiss"]
[EventRounds "9"]
[EventCountry "ESP"]
[SourceTitle "Ajedrez en Madrid"]
[Source "lmi"]
[SourceDate "2020.06.24"]
[SourceVersion "1"]
[SourceVersionDate "2020.06.25"]
[SourceQuality "1"]

1. g3 c5 2. Bg2 g6 3. d3 Bg7 4. f4 Nc6 5. Nf3 d6 6. O-O Nf6 7. Nc3 O-O 8. Nh4
e6 9. e4 Nd4 10. Ne2 Rb8 11. c3 Nxe2+ 12. Qxe2 b5 13. Be3 b4 14. c4 Qc7 15.
Rad1 Bb7 16. g4 Rbe8 17. Kh1 Nd7 18. h3 f5 19. b3 Qd8 20. Qe1 Bf6 21. g5 Bc3
22. Qg3 Qa8 23. exf5 exf5 24. d4 Bxg2+ 25. Nxg2 cxd4 26. Bxd4 Re2 27. Qf3 Rxa2
28. Ne3 Qxf3+ 29. Rxf3 Re8 30. Bxc3 bxc3 31. Rc1 c2 32. Nxc2 Re2 33. Ne1 Nc5
34. b4 Ne4 35. Kg1 Kf7 36. c5 dxc5 37. bxc5 Nxc5 38. Rfc3 Ne6 39. Rc4 Re4 40.
Nd3 Rxc4 41. Rxc4 Ke7 42. Rb4 Kd6 43. h4 a5 44. Rb5 Ra3 45. Ne5 Ra1+ 46. Kf2
Nxf4 47. Nc4+ Kc6 48. Rb8 a4 49. Rc8+ Kb5 50. Nd6+ Kb6 51. Nc4+ Kb7 52. Nd6+
Kb6 53. Nc4+ Kb5 54. Nd6+ Ka5 55. Rb8 Rc1 56. Ke3 Ne6 57. Ra8+ Kb4 58. Rb8+ Ka3
59. Kd2 Rh1 60. Nb5+ Ka2 61. Nc3+ Ka3 62. Nb5+ Ka2 63. Nc3+ Ka3 1/2-1/2

[Event "La Pobla de Lillet op"]
[Site "La Pobla de Lillet ESP"]
[Date "2013.08.03"]
[Round "2.2"]
[White "Garcia Castellote, D.."]
[Black "Kovacevic, S.."]
[Result "0-1"]
[WhiteElo "2036"]
[BlackElo "2337"]
[PlyCount "72"]
[EventDate "2013.08.02"]
[EventType "swiss"]
[EventRounds "9"]
[EventCountry "ESP"]
[SourceTitle "Ajedrez en Madrid"]
[Source "lmi"]
[SourceDate "2020.06.24"]
[SourceVersion "1"]
[SourceVersionDate "2020.06.25"]
[SourceQuality "1"]

1. e4 c5 2. c3 e6 3. d4 d5 4. exd5 exd5 5. Nf3 Nc6 6. Bb5 Bd6 7. O-O Nge7 8.
dxc5 Bxc5 9. Nbd2 O-O 10. Nb3 Bb6 11. Bd3 Nf5 12. Qc2 g6 13. Bg5 Qd6 14. Qd2
Bc7 15. g3 f6 16. Bf4 Ne5 17. Kg2 Ng7 18. Rad1 Ne6 19. Be3 Nxf3 20. Kxf3 d4 21.
Nxd4 Qd5+ 22. Be4 Ng5+ 23. Bxg5 fxg5+ 24. Ke3 Re8 25. f3 Qxa2 26. Kf2 Bb6 27.
Kg2 g4 28. Rfe1 Rd8 29. fxg4 Bxg4 30. Ra1 Qf7 31. h3 Be6 32. Rf1 Qd7 33. Rad1
Bxh3+ 34. Kh2 Bxf1 35. Rxf1 Bxd4 36. cxd4 Qxd4 0-1

[Event "La Pobla de Lillet op"]
[Site "La Pobla de Lillet ESP"]
[Date "2013.08.03"]
[Round "2.3"]
[White "Mestre Bellido, H.."]
[Black "Germes, A.."]
[Result "1-0"]
[WhiteElo "2312"]
[BlackElo "2029"]
[PlyCount "121"]
[EventDate "2013.08.02"]
[EventType "swiss"]
[EventRounds "9"]
[EventCountry "ESP"]
[SourceTitle "Ajedrez en Madrid"]
[Source "lmi"]
[SourceDate "2020.06.24"]
[SourceVersion "1"]
[SourceVersionDate "2020.06.25"]
[SourceQuality "1"]

1. e4 e6 2. d4 b6 3. Nf3 Bb7 4. Bd3 Nf6 5. Nbd2 d5 6. e5 Nfd7 7. O-O c5 8. c3
Nc6 9. Re1 Be7 10. Nf1 Rc8 11. a3 c4 12. Bb1 b5 13. Ng3 a5 14. Nh5 g6 15. Nf4
Nb6 16. g3 b4 17. axb4 axb4 18. h4 Ra8 19. Rxa8 Qxa8 20. cxb4 Nxb4 21. Ng5 Bxg5
22. hxg5 Qa1 23. Qd2 Nc6 24. Bc2 Kd7 25. Ne2 Ra8 26. Kg2 Qa5 27. Nc3 Nb4 28.
Rh1 Nxc2 29. Qxc2 Rh8 30. Qd1 Bc6 31. Qf3 Ke8 32. Qf6 Rf8 33. Rxh7 Na4 34. Qf3
Qb4 35. Nxa4 Bxa4 36. Qc3 Qb6 37. Rh1 Bb3 38. Bd2 Kd7 39. Rh7 Ke8 40. Qa5 Qxa5
41. Bxa5 Bc2 42. Bb4 Rg8 43. Kf1 Kd7 44. Rxf7+ Kc6 45. Re7 Bf5 46. f3 Rb8 47.
Bc3 Rb7 48. Re8 Rf7 49. Ke2 Rh7 50. Ke3 Kd7 51. Rf8 Re7 52. Bb4 Re8 53. Rf7+
Kc6 54. Kf2 Rb8 55. Bc3 Rb7 56. Rf6 Re7 57. Rf8 Rb7 58. Rd8 Kb5 59. g4 Bb1 60.
Kg3 Rf7 61. Re8 1-0

[Event "La Pobla de Lillet op"]
[Site "La Pobla de Lillet ESP"]
[Date "2013.08.03"]
[Round "2.4"]
[White "Van Briemen, WJ.."]
[Black "Gomez Jurado, LA.."]
[Result "0-1"]
[WhiteElo "2023"]
[BlackElo "2297"]
[PlyCount "106"]
[EventDate "2013.08.02"]
[EventType "swiss"]
[EventRounds "9"]
[EventCountry "ESP"]
[SourceTitle "Ajedrez en Madrid"]
[Source "lmi"]
[SourceDate "2020.06.24"]
[SourceVersion "1"]
[SourceVersionDate "2020.06.25"]
[SourceQuality "1"]

1. d4 Nf6 2. c4 e6 3. Nf3 d5 4. Bg5 Bb4+ 5. Nc3 Nbd7 6. e3 c5 7. cxd5 exd5 8.
a3 Bxc3+ 9. bxc3 Qa5 10. Qb3 Ne4 11. Rc1 O-O 12. Be7 Re8 13. Bxc5 Ndxc5 14.
dxc5 Qxc5 15. Qb5 Qe7 16. Qb4 Nc5 17. Be2 a5 18. Qh4 Qxh4 19. Nxh4 Re4 20. Nf3
Ra4 21. Ra1 Bg4 22. Bb5 Re4 23. Nd2 Re7 24. O-O Rc8 25. c4 Be2 26. Rfe1 Bd3 27.
a4 dxc4 28. Nxc4 Bxc4 29. Bxc4 Kf8 30. Bb5 Ne4 31. Red1 Nc3 32. Rd6 Re6 33.
Rxe6 fxe6 34. Bd3 Ke7 35. g3 h6 36. Kf1 Rd8 37. Be2 Rd2 38. Bf3 b6 39. Kg2 Ra2
40. Rxa2 Nxa2 41. Bc6 Kd6 42. Be8 Nc3 43. Kf1 b5 44. Ke1 bxa4 45. Kd2 Ne4+ 46.
Kc2 Nxf2 47. Bh5 Kc5 48. Kb2 Kb4 49. Bf3 e5 50. Ka2 e4 51. Be2 Nd3 52. Bh5 Kc3
53. Bg6 Nc5 0-1

[Event "La Pobla de Lillet op"]
[Site "La Pobla de Lillet ESP"]
[Date "2013.08.03"]
[Round "2.5"]
[White "Maes, W.."]
[Black "Viñals Rioja, J.."]
[Result "1/2-1/2"]
[WhiteElo "2264"]
[BlackElo "2020"]
[PlyCount "82"]
[EventDate "2013.08.02"]
[EventType "swiss"]
[EventRounds "9"]
[EventCountry "ESP"]
[SourceTitle "Ajedrez en Madrid"]
[Source "lmi"]
[SourceDate "2020.06.24"]
[SourceVersion "1"]
[SourceVersionDate "2020.06.25"]
[SourceQuality "1"]

1. e4 d5 2. exd5 Nf6 3. Nc3 Nxd5 4. Bc4 c6 5. d4 g6 6. Nf3 Bg7 7. O-O Bg4 8. h3
Bxf3 9. Qxf3 e6 10. Rd1 Nxc3 11. bxc3 O-O 12. Rb1 Qc8 13. h4 Nd7 14. Ba3 Re8
15. Bd6 Nb6 16. Bf1 Qd8 17. Qg3 Nd5 18. Rb3 b6 19. Be2 h5 20. Ba6 Qd7 21. Be5
Bxe5 22. Qxe5 Qe7 23. g3 Rab8 24. Bf1 Red8 25. Re1 Rbc8 26. c4 Nf6 27. c3 Ng4
28. Qe2 Qf6 29. Bh3 Rc7 30. Bxg4 hxg4 31. Qxg4 c5 32. h5 cxd4 33. hxg6 Qxg6 34.
Qh4 Rcd7 35. Rb5 f5 36. Rbe5 Kf7 37. Rxe6 Qxe6 38. Qh7+ Kf8 39. Qh8+ Kf7 40.
Qh7+ Kf8 41. Qh8+ Kf7 1/2-1/2

[Event "La Pobla de Lillet op"]
[Site "La Pobla de Lillet ESP"]
[Date "2013.08.03"]
[Round "2.6"]
[White "Moya Arau, C.."]
[Black "Tarrago Antoni, M.."]
[Result "0-1"]
[WhiteElo "2018"]
[BlackElo "2251"]
[PlyCount "72"]
[EventDate "2013.08.02"]
[EventType "swiss"]
[EventRounds "9"]
[EventCountry "ESP"]
[SourceTitle "Ajedrez en Madrid"]
[Source "lmi"]
[SourceDate "2020.06.24"]
[SourceVersion "1"]
[SourceVersionDate "2020.06.25"]
[SourceQuality "1"]

1. e4 c5 2. Nc3 g6 3. f4 Bg7 4. Nf3 Nc6 5. Bc4 e6 6. O-O Nge7 7. Qe1 O-O 8. d3
d5 9. Bb3 Na5 10. Bd2 Nxb3 11. axb3 Nc6 12. Ne2 Bxb2 13. Bc3 Bxa1 14. Bxa1 d4
15. c3 e5 16. Nxe5 Nxe5 17. fxe5 Qg5 18. cxd4 Qe3+ 19. Kh1 Bg4 20. Nf4 Qxe1 21.
Rxe1 cxd4 22. Nd5 Be6 23. Bxd4 Rfd8 24. Bb2 Bxd5 25. exd5 Rxd5 26. d4 Rc8 27.
Re2 Rb5 28. Kg1 Rxb3 29. d5 Rd3 30. d6 a5 31. Kf2 a4 32. Re3 Rd2+ 33. Re2 Rxe2+
34. Kxe2 Kf8 35. Ba3 Ke8 36. Kd3 Kd7 0-1

[Event "La Pobla de Lillet op"]
[Site "La Pobla de Lillet ESP"]
[Date "2013.08.03"]
[Round "2.7"]
[White "Capellades Subirana, M.."]
[Black "Garcia Galeote, L.."]
[Result "1/2-1/2"]
[WhiteElo "2250"]
[BlackElo "2015"]
[PlyCount "105"]
[EventDate "2013.08.02"]
[EventType "swiss"]
[EventRounds "9"]
[EventCountry "ESP"]
[SourceTitle "Ajedrez en Madrid"]
[Source "lmi"]
[SourceDate "2020.06.24"]
[SourceVersion "1"]
[SourceVersionDate "2020.06.25"]
[SourceQuality "1"]

1. e4 Nc6 2. d4 d5 3. e5 f6 4. Bd3 Nxd4 5. Bxh7 Rxh7 6. Qxd4 fxe5 7. Qxe5 Qd6
8. Qxd6 exd6 9. Nc3 c6 10. Bf4 Bg4 11. f3 Bf5 12. O-O-O O-O-O 13. Nge2 Be7 14.
Nd4 Bd7 15. Rhe1 g5 16. Bg3 Nh6 17. h3 Nf5 18. Nxf5 Bxf5 19. Ne2 Bf6 20. Nd4
Bd7 21. c3 Re7 22. Rxe7 Bxe7 23. Nc2 Re8 24. Re1 Bf8 25. Ne3 Re6 26. Kd2 Kd8
27. h4 Be7 28. hxg5 Bxg5 29. f4 Bh6 30. Bh4+ Ke8 31. g3 Re4 32. Ke2 d4 33. cxd4
Rxd4 34. Kf3 Kf8 35. Bf6 Ra4 36. a3 Kf7 37. Bc3 c5 38. Rd1 Bc6+ 39. Kf2 Bf8 40.
f5 b5 41. Nd5 Bxd5 42. Rxd5 a5 43. Bd2 Bg7 44. b4 Bd4+ 45. Ke2 Rxa3 46. bxa5
Be5 47. Bf4 Bxf4 48. gxf4 Rxa5 49. Rxd6 Ra3 50. Rc6 Rc3 51. Kd2 b4 52. Rb6 Rc4
53. Ke3 1/2-1/2

[Event "La Pobla de Lillet op"]
[Site "La Pobla de Lillet ESP"]
[Date "2013.08.03"]
[Round "2.8"]
[White "Corrigüelas Armillas, F.."]
[Black "Herreros Fernandez, M.."]
[Result "0-1"]
[WhiteElo "1992"]
[BlackElo "2242"]
[PlyCount "104"]
[EventDate "2013.08.02"]
[EventType "swiss"]
[EventRounds "9"]
[EventCountry "ESP"]
[SourceTitle "Ajedrez en Madrid"]
[Source "lmi"]
[SourceDate "2020.06.24"]
[SourceVersion "1"]
[SourceVersionDate "2020.06.25"]
[SourceQuality "1"]

1. e4 Nc6 2. Nc3 Nf6 3. d4 d5 4. e5 Ne4 5. Nxe4 dxe4 6. c3 Bf5 7. f3 exf3 8.
Nxf3 e6 9. Bd3 Bxd3 10. Qxd3 Be7 11. O-O O-O 12. Bf4 Qd5 13. Qc2 b5 14. Rad1
Qxa2 15. Ng5 g6 16. Ne4 f5 17. exf6 Bxf6 18. Nxf6+ Rxf6 19. Bxc7 Raf8 20. Rxf6
Rxf6 21. Qe2 Qd5 22. Rf1 Rxf1+ 23. Qxf1 b4 24. Qf4 Qf5 25. Qxf5 gxf5 26. Kf2 a5
27. Bd6 bxc3 28. bxc3 Kf7 29. Ke2 Kf6 30. Kd3 e5 31. dxe5+ Nxe5+ 32. Kc2 Nc4
33. Bf4 a4 34. Kb1 Ke6 35. Kc2 Kd5 36. g3 Ke4 37. Bh6 Kf3 38. Bc1 Ke4 39. Bh6
Ne3+ 40. Bxe3 Kxe3 41. Kb2 Kd3 42. Ka3 Kxc3 43. Kxa4 Kd4 44. Kb5 Kd5 45. Kb6 h5
46. Kc7 h4 47. Kd7 h3 48. Ke7 Ke5 49. Kd7 f4 50. gxf4+ Kxf4 51. Kd6 Kf3 52. Kd5
Kg2 0-1

[Event "La Pobla de Lillet op"]
[Site "La Pobla de Lillet ESP"]
[Date "2013.08.03"]
[Round "2.10"]
[White "Gamisans Fabregas, J.."]
[Black "Ayza Ballester, J.."]
[Result "1/2-1/2"]
[WhiteElo "1978"]
[BlackElo "2217"]
[PlyCount "87"]
[EventDate "2013.08.02"]
[EventType "swiss"]
[EventRounds "9"]
[EventCountry "ESP"]
[SourceTitle "Ajedrez en Madrid"]
[Source "lmi"]
[SourceDate "2020.06.24"]
[SourceVersion "1"]
[SourceVersionDate "2020.06.25"]
[SourceQuality "1"]

1. f4 d5 2. Nf3 c5 3. e3 Nc6 4. Bb5 Bd7 5. b3 Nf6 6. Bb2 e6 7. O-O a6 8. Bxc6
Bxc6 9. Ne5 Qc7 10. d3 O-O-O 11. Nxc6 Qxc6 12. Nd2 Ne8 13. Qe2 Kb8 14. e4 Nd6
15. Nf3 dxe4 16. Ne5 Qc7 17. dxe4 f6 18. Nc4 Nxc4 19. Qxc4 Qc6 20. Rad1 Be7 21.
a4 Rhg8 22. Qe2 c4 23. Qxc4 Qxc4 24. bxc4 Rxd1 25. Rxd1 Rc8 26. Rd7 Rc7 27.
Rxc7 Kxc7 28. Bd4 Kc6 29. Kf1 Bd6 30. e5 Bc5 31. c3 f5 32. Ke2 Ba3 33. Kd1 Be7
34. Ke2 g5 35. g3 gxf4 36. gxf4 Kd7 37. Bf2 Ke8 38. Kf3 Kf7 39. Kg3 Kg6 40. Kf3
Kh5 41. Be1 Ba3 42. Kg3 Be7 43. Kf3 Ba3 44. Kg3 1/2-1/2